Sports Quiz

Random Sports Quiz

Ex-Detroit Pistons as NBA Champions Quiz Stats

 Plays Quiz not verified by Sporcle

Score 0/22 Timer 11:00
0 Plays Today
Hint Answer % Correct
1998, 1997, 1996 Chicago BullsDennis Rodman
97.1%
2000 Los Angeles Lakers, 1996 Chicago BullsJohn Salley
51.4%
2019 Toronto RaptorsJodie Meeks
50%
2019 Toronto RaptorsEric Moreland
50%
1996 Chicago BullsJames Edwards
45.7%
1995, 1994 Houston RocketsKenny Smith
40%
1997 Chicago BullsBison Dele
37.1%
1994 Houston RocketsOtis Thorpe
34.3%
2013, 2012 Miami HeatJoel Anthony
28.6%
2002 Los Angeles LakersLindsey Hunter
28.6%
1999 San Antonio SpursSean Elliott
28.6%
Hint Answer % Correct
2005 San Antonio SpursNazr Mohammed
25.7%
1995 Houston RocketsCharles Jones
25.7%
2014 San Antonio SpursAron Baynes
22.9%
2007, 2005 San Antonio SpursBeno Udrih
20%
1998, 1997, 1996 Chicago BullsJud Buechler
20%
2011 Dallas MavericksBrian Cardinal
14.3%
1994 Houston Rockets, 1983 Philadelphia 76ersEarl Cureton
14.3%
2014 San Antonio SpursAustin Daye
11.4%
1993 Chicago BullsDarrell Walker
8.6%
1992, 1991 Chicago BullsCliff Levingston
8.6%
1995 Houston RocketsPete Chilcutt
2.9%

You're not logged in!

Compare scores with friends on all Sporcle quizzes.
OR
Log In

Sporcle TV

Today on Sporcle TV


Watch our educational content, quiz creation guides, and fun videos on Sporcle TV.

Show Comments

Extras

Created Aug 29, 2017ReportNominate
Tags:Detroit Pistons

Top Quizzes Today


Score Distribution

Your Account Isn't Verified!

In order to create a playlist on Sporcle, you need to verify the email address you used during registration. Go to your Sporcle Settings to finish the process.

Report this User

Report this user for behavior that violates our Community Guidelines.

Details: